00569nam a22002057a 450000500170000001000110001702000100002803500110003803700170004904000120006608200130007810000240009124500600011526000400017527000310021530000200024650000190026665000390028565000390032420170124110114.0 a761896 c00.00 a761896 bCen Lib/ Ret aDPLbEN a921bWRE aWrench, John Evelyn aFrancis Yeats-Brown, 1886-1944 /cby John Evelyn Wrench aLondonbEyre and Spottiswoodec1948 bLondona 15 Bedford Street a296p.c20cm(Hb) aIncludes index aYeats-Brown, Francis, -- 1886-1944 aBiographies -- Francis Yeats-Brown